Investície do infraštruktúry

Vyberanie mýta. Výstavba infraštruktúry prostredníctvom verejného sektora. Projekty typu partnerstva verejného a súkromného sektora ( public- private partnership, PPP). Charakteristika investorov. Investičné aktíva a investičné pasce. Príležitosť i riziká.

Gespeichert in:
Bibliographische Detailangaben
1. Verfasser: Baláž, Vladimír
Format: Buchkapitel
Sprache:Slowakisch
Schlagworte:
Tags: Tag hinzufügen
Keine Tags, Fügen Sie das erste Tag hinzu!

MARC

LEADER 00000naa$a2200000$$$4500
001 0055749
005 20231019084815.8
041 0 |a slo 
044 |a SK 
245 1 0 |a Investície do infraštruktúry  |c Vladimír Baláž 
520 |a Vyberanie mýta. Výstavba infraštruktúry prostredníctvom verejného sektora. Projekty typu partnerstva verejného a súkromného sektora ( public- private partnership, PPP). Charakteristika investorov. Investičné aktíva a investičné pasce. Príležitosť i riziká. 
610 2 0 |a investovanie 
610 2 0 |a infraštruktúra 
610 2 0 |a obstarávanie verejné 
610 2 0 |a partnerstvo verejno-súkromné 
610 2 0 |a investori 
100 1 |a Baláž, Vladimír